|
|
|
|
| LEADER |
00000nam0a2200000 4500 |
| 001 |
239101 |
| 005 |
20231218150201.0 |
| 010 |
|
|
|a 9785913272188
|
| 035 |
|
|
|a (RuTPU)RU\TPU\book\260313
|
| 090 |
|
|
|a 239101
|
| 100 |
|
|
|a 20130604d2013 k y0rusy50 ca
|
| 101 |
0 |
|
|a rus
|
| 102 |
|
|
|a RU
|
| 105 |
|
|
|a a z 001zy
|
| 200 |
1 |
|
|a Миф как реальность и реальность как миф: мифологические основания современной культуры
|e монография
|f Е. В. Галанина
|g Российская академия естествознания (РАЕ)
|
| 210 |
|
|
|a Москва
|c Издательский Дом Академии Естествознания
|d 2013
|
| 215 |
|
|
|a 130 с.
|c ил.
|
| 320 |
|
|
|a Библиогр.: с. 112-122.
|
| 330 |
|
|
|a В монографии рассматривается проблема осмысления мифологических оснований современной культуры. Вниманию читателей предлагается концепция мифа как неотъемлемого элемента сознания, основанного на непосредственном восприятии мира и отождествлении образа реальности с самой реальностью. Автор рассматривает современное социокультурное пространство как мифологизированное, что проявляется в «неомифологизме» философии, имагинативности науки и бриколаже в искусстве. Для специалистов в области философии, культурологии и более широкого круга читателей.
|
| 606 |
1 |
|
|a Культура
|x Теория
|2 stltpush
|3 (RuTPU)RU\TPU\subj\16745
|9 42679
|
| 610 |
1 |
|
|a мифологическая культура
|
| 610 |
1 |
|
|a мифы
|
| 610 |
1 |
|
|a культурфилософские проблемы
|
| 610 |
1 |
|
|a мифология
|
| 610 |
1 |
|
|a картина мира
|
| 610 |
1 |
|
|a мифотворчество
|
| 610 |
1 |
|
|a неомифологизм
|
| 610 |
1 |
|
|a постмодерн
|
| 610 |
1 |
|
|a мифологическое сознание
|
| 610 |
1 |
|
|a мифологическая символика
|
| 610 |
1 |
|
|a мифологическая реальность
|
| 610 |
1 |
|
|a архаическая культура
|
| 610 |
1 |
|
|a современная культура
|
| 610 |
1 |
|
|a монографии
|
| 686 |
|
|
|a Ч111
|2 rubbk
|
| 700 |
|
1 |
|a Галанина
|b Е. В.
|c специалист в области культурологии и социальной коммуникации
|c доцент Томского политехнического университета, кандидат философских наук
|c в девичестве Раздьяконова
|f 1984-
|g Екатерина Владимировна
|3 (RuTPU)RU\TPU\pers\31077
|9 15307
|
| 712 |
0 |
2 |
|a Российская академия естествознания (РАЕ)
|3 (RuTPU)RU\TPU\col\17769
|
| 801 |
|
1 |
|a RU
|b 63413507
|c 20130604
|
| 801 |
|
2 |
|a RU
|b 63413507
|c 20141225
|g RCR
|
| 942 |
|
|
|c BK
|